Vengersko-russkij geologo-geografičeskij slovar' /

Saved in:
Bibliographic Details
Other Authors: Fiošina, Galina Ivanovna (Compiler)
Format: Book
Language:Russian
Hungarian
Published: Moskva : Glavnaja redakcija inostrannych naučno-techničeskich slovarej Fizmatgiza, 1960.
Edition:1. izd.
ISBN: (viaz.)
Physical Description: 259 s.
Tags: Add Tag
No Tags, Be the first to tag this record!

MARC

LEADER 00000nam a22000001a 4500
001 000171283
005 20091002183229.0
008 020615s1960 ru e rus d
020 |a (viaz.) 
040 |a SVKKK  |b slo  |c SVKKK  |e AACR2 
041 0 |a rus  |a hun 
044 |a ru  |c RU 
245 1 0 |a Vengersko-russkij geologo-geografičeskij slovar' /  |c sost. Galina Ivanovna Fiošina ; red. B. Ja. Gejger. 
250 |a 1. izd. 
260 |a Moskva :  |b Glavnaja redakcija inostrannych naučno-techničeskich slovarej Fizmatgiza,  |c 1960. 
300 |a 259 s. 
546 |a Súbežný názov v maď. 
700 1 |a Fiošina, Galina Ivanovna  |4 com 
700 1 |a Gejger, B. Ja.  |4 red 
910 |a svkkk 
998 |a BK 
090 |g SCKHL  |k Sklad Pribinova 2. posch.  |a II.181629  |j 451127  |i 171283-10  |s Prezenčne